000 00610nam a2200229Ia 4500
003 OSt
005 20220918175049.0
006 a|||||r|||| 00| 0
007 ta
008 220917b |||||||| |||| 00| 0 eng d
024 _a15,495
037 _cTextual
040 _aARTS
_cARTS
_beng
041 _2eng
_aeng
082 _aO:1H40:1:9, J7;1
100 _aBowden Muriel
_952749
245 0 _aCommentery on the gernal prologue to the Canterbury tales
260 _c1957
650 _aENGLISH LITERATURE
942 _hO:1H40:1:9, J7;1
_cTEXL
_2CC
999 _c155893
_d155893